000 01184cam a2200265 a 4500
005 20151128034030.0
008 900216s1978 it s i001 0 eng
040 _aDLC
_cDLC
_dDLC
_dCo-BOIAvH
041 _aeng
044 1 0 _ait
082 1 0 _a338.3727
_bF21i
245 0 0 _aInventory of data on contaminants in aquatic organisms /
_cCompilado por Fishery Data Centre, Fisheries Department, FAO.
260 _aRoma :
_bFAO,
_cc1978.
300 _a1 v. (varias páginas) ;
_c28 centímetros.
500 _a"September 1978."
500 _aA la cabeza de la titularidad: Organización para la Agricultura y la Alimentación de las Naciones Unidas y Programa de las Naciones Unidas para el medio.
500 _aFAO fisheries circular No. 338, revisión 1
650 2 0 _aPeces
_xEfecto de la contaminación del agua
_xEstadísticas
650 0 _aEl pescado como alimento
_xContaminación
_xEstadísticas
650 0 _aContaminantes
_xEstadísticas.
710 2 _aFishery Data Centre (United Nations)
710 2 _aFood and Agriculture Organization of the United Nations.
710 2 _aUnited Nations Environment Programme.
942 _2ddc
_cLIBRO
999 _c1264
_d1264